000 00342nam a2200169Ia 4500
100 _aYOUNG/ROB
650 _aPhilosophy
942 _cBK
366 _f25
654 _aLEADING TEAMS
245 _aLEADING TEAMS
260 _bBETTER YOURSELF BOOK
_aBandra
082 _a170/YOU
_bYOU
300 _a75
546 _aENGLISH
999 _c30458
_d30458